Produktové inovácie v ponuke komerčných bánk a ich vplyv na predaj

Podstata štruktúrovaných produktov a ich miesto v ponuke bánk. Členenie štruktúrovaných produktov. Charakteristika štruktúrovaných produktov vo vybraných slovenských bankách.

Saved in:
Bibliographic Details
Main Author: Hanuláková, Eva, 1964-
Other Authors: Hanulák, Peter
Format: Book Chapter
Language:Slovak
Subjects:
Tags: Add Tag
No Tags, Be the first to tag this record!

MARC

LEADER 00000naa$a2200000$$$4500
001 0083991
005 20240502071938.5
041 0 |a slo 
044 |a SK 
245 1 0 |a Produktové inovácie v ponuke komerčných bánk a ich vplyv na predaj  |c Eva Hanuláková, Peter Hanulák 
520 |a Podstata štruktúrovaných produktov a ich miesto v ponuke bánk. Členenie štruktúrovaných produktov. Charakteristika štruktúrovaných produktov vo vybraných slovenských bankách. 
610 2 0 |a banky obchodné 
610 2 0 |a Slovensko 
610 2 0 |a bankovníctvo retailové 
610 2 0 |a trh finančný 
610 2 0 |a služby bankové 
610 2 0 |a inovácia 
610 2 0 |a klienti 
100 1 |a Hanuláková, Eva, 1964- 
700 1 |a Hanulák, Peter